000 00334nam a22001457a 4500
008 230206b ||||| |||| 00| 0 eng d
020 _a9780495561712
041 _aeng
080 _2FOURTH EDITION
_a51
082 _a51SON
100 _a20
101 _aMATE
245 _aMATHEMATICS FOR TEACHERS
_cSONNABEND TH
942 _2udc
_cBK
999 _c59301
_d59301